Score 0/24 Timer 05:00
2 Plays Today
% Correct
Elvis Presley
80.6%
Denzel Washington
78.7%
Conan O'Brien
77.6%
Christina Aguilera
77.1%
Lindsay Lohan
75.5%
Matt Damon
75.2%
Hugh Jackman
74.6%
Colin Firth
73.4%
Whitney Houston
69.8%
Katharine Hepburn
68.3%
Stephen Colbert
67.8%
Gwen Stefani
65.4%
% Correct
Anjelica Huston
65.1%
Michael Douglas
65%
Dana Carvey
64.6%
James Dean
60.5%
Keith Urban
60.5%
Chris Rock
60.3%
Arsenio Hall
60.1%
Humphrey Bogart
60%
Richard Gere
59.1%
Gladys Knight
58.3%
Rush Limbaugh
56.9%
Lucille Ball
51%
Remove Ads.
Support Sporcle.
Get the best of Sporcle when you Go Orange. This ad-free experience offers more features, more stats, and more fun while also helping to support Sporcle. Thank you for becoming a member.

You're not logged in!

Compare scores with friends on all Sporcle quizzes.
OR
Log In

Show Comments

Extras

Top Quizzes Today


Score Distribution

Your Account Isn't Verified!

In order to create a playlist on Sporcle, you need to verify the email address you used during registration. Go to your Sporcle Settings to finish the process.

Report this User

Report this user for behavior that violates our Community Guidelines.

Details: